Chess Pieces - 15 seconds sprint! - Statistics

General Stats
  • This quiz has been taken 103 times
  • The average score is 6 of 6
Answer Stats
Answer % Correct
Queen
100%
King
99%
Bishop
94%
Pawn
92%
Rook
92%
Knight
87%
No matching quizzes found
Score Distribution
Percent of People with Each Score
Percentile by Number Answered
Your Score History
You have not taken this quiz